Normal view
MARC view
Entry Topical Term
001 - CONTROL NUMBER
- control field: 28542
003 - CONTROL NUMBER IDENTIFIER
- control field: OSt
005 - DATE AND TIME OF LATEST TRANSACTION
- control field: 20211101112200.0
008 - FIXED-LENGTH DATA ELEMENTS
- fixed length control field: 211101|| aca||aabn | a|a d
040 ## - CATALOGING SOURCE
- Original cataloging agency: OSt
- Transcribing agency: OSt
150 ## - HEADING--TOPICAL TERM
- Topical term or geographic name entry element: Citizen engagement, Frontline work, Public encounters, Civil servants, Embedded agency, Bricolage
670 ## - SOURCE DATA FOUND
- Source citation: Work cat.: (OSt): Blijleven, Wieke Huls, Merlijn Van 28541, How do frontline civil servants engage the public? Practices, embedded agency, and Bricolage
